Language Quiz

Random Language or Chinese Quiz

Language Groups Grab Bag Quiz Stats

 Plays Quiz Updated Apr 30, 2019

Score 0/45 Timer 04:00
13 Plays Today
% Correct
A
91.6%
Dos
91%
Uno
90.8%
Beta
90.8%
French
90.7%
Tres
90.7%
An
90.6%
China
90.5%
German
90.3%
Cinco
89.9%
The
89.6%
Cuatro
89.5%
Adjective
89.5%
Adverb
89%
Italian
88.7%
Portugal
88.5%
Pronoun
87.9%
Brazil
87.8%
Noun
87.8%
Conjunction
86.8%
Echo
86.7%
Verb
86.7%
Equatorial Guinea
86.5%
% Correct
Guinea-Bissau
86.5%
Preposition
86.4%
São Tomé and Príncipe
86.2%
Mozambique
86%
Interjection
85.6%
Alfa
85.5%
Taiwan
85.4%
Romansh
84.7%
Cabo Verde
84.7%
Angola
84.6%
Yankee
84.4%
Oscar
83.5%
Timor-Leste
83.1%
Zeta
82.3%
Singapore
81.9%
Genitive
81.4%
Nominative
80.4%
Accusative
80.2%
Dative
79.3%
Uniform
77.5%
Iota
75.9%
India
73.7%

You're not logged in!

Compare scores with friends on all Sporcle quizzes.
OR
Log In

Sporcle TV

Today on Sporcle TV


Watch our educational content, quiz creation guides, and fun videos on Sporcle TV.

Show Comments

Extras

Top Quizzes Today


Score Distribution

Your Account Isn't Verified!

In order to create a playlist on Sporcle, you need to verify the email address you used during registration. Go to your Sporcle Settings to finish the process.

Report this User

Report this user for behavior that violates our Community Guidelines.

Details: